| 000 -LEADER |
| fixed length control field |
01719cam a2200301 a 4500 |
| 003 - CONTROL NUMBER IDENTIFIER |
| control field |
OSt |
| 005 - DATE AND TIME OF LATEST TRANSACTION |
| control field |
20220315162125.0 |
| 008 - FIXED-LENGTH DATA ELEMENTS--GENERAL INFORMATION |
| fixed length control field |
090717s2010 nyua c 001 0 eng |
| 010 ## - LIBRARY OF CONGRESS CONTROL NUMBER |
| LC control number |
2009026707 |
| 016 7# - NATIONAL BIBLIOGRAPHIC AGENCY CONTROL NUMBER |
| Record control number |
015462671 |
| Source |
Uk |
| 020 ## - INTERNATIONAL STANDARD BOOK NUMBER |
| International Standard Book Number |
9781568988931 (alk. paper) |
| 020 ## - INTERNATIONAL STANDARD BOOK NUMBER |
| International Standard Book Number |
1568988931 (alk. paper) |
| 035 ## - SYSTEM CONTROL NUMBER |
| System control number |
(OCoLC)ocn426389746 |
| 050 00 - LIBRARY OF CONGRESS CALL NUMBER |
| Classification number |
TA403.6 |
| Item number |
.T152 2010 |
| 082 00 - DEWEY DECIMAL CLASSIFICATION NUMBER |
| Classification number |
620.1/1 |
| Edition number |
22 |
| 245 00 - TITLE STATEMENT |
| Title |
Transmaterial 3 : |
| Remainder of title |
a catalog of materials that redefine our physical environment / |
| Statement of responsibility, etc |
edited by Blaine Brownell. |
| 246 3# - VARYING FORM OF TITLE |
| Title proper/short title |
Transmaterial three |
| 250 ## - EDITION STATEMENT |
| Edition statement |
1st ed. |
| 260 ## - PUBLICATION, DISTRIBUTION, ETC. (IMPRINT) |
| Place of publication, distribution, etc |
New York, N.Y. : |
| Name of publisher, distributor, etc |
Princeton Architectural Press, |
| Date of publication, distribution, etc |
c2010. |
| 300 ## - PHYSICAL DESCRIPTION |
| Extent |
251 p. : |
| Other physical details |
ill. (chiefly col.) ; |
| Dimensions |
23 cm. |
| 500 ## - GENERAL NOTE |
| General note |
Includes indexes. |
| 505 0# - FORMATTED CONTENTS NOTE |
| Formatted contents note |
Concrete -- Mineral -- Metal -- Wood -- Plastic + rubber -- Glass -- Paint + paper -- Fabric -- Light -- Digital. |
| 520 ## - SUMMARY, ETC. |
| Summary, etc |
"Provides a broad synopsis of the state of technological advances in materials today, with a special emphasis on new developments in the field of biopolymers and various agriculturally derived products; biomimetic products, systems, and processes that seek to emulate natural examples, including low-embodied-energy and biochemically manufactured products; "grown" materials; nanoscale marvels; renewable energy technologies; "second-life" materials derived from repurposed waste; and responsive, interactive, and transformational digital interfaces that harness pervasive communication networks and are powered by low-energy illumination sources."--P. [4] of cover. |
| 650 #0 - SUBJECT ADDED ENTRY--TOPICAL TERM |
| Topical term or geographic name as entry element |
Materials |
| General subdivision |
Technological innovations. |
| 650 #0 - SUBJECT ADDED ENTRY--TOPICAL TERM |
| Topical term or geographic name as entry element |
Materials |
| Form subdivision |
Catalogs. |
| 700 1# - ADDED ENTRY--PERSONAL NAME |
| Personal name |
Brownell, Blaine Erickson, |
| Dates associated with a name |
1970- |
| 942 ## - ADDED ENTRY ELEMENTS (KOHA) |
| Source of classification or shelving scheme |
|